000
00269nam a22001337a 4500
008
170526b xxu||||| |||| 00| 0 eng d
020
_a
18003348511
041
_a
eng
080
_a
61
100
_a
3
101
_a
SHM
245
_a
WECK OPHTHALMIC
942
_2
udc
_c
BK
999
_c
14334
_d
14334